000 04082nam a2200361 i 4500
001 194900
003 ES-MaACL
005 20250902225557.0
008 240321s2023 sp d f 001 spa c
017 _aBI 1609-2023
020 _a9788492937981
040 _aUCA-CSJ
_bspa
_cES-MaACL
080 _a316.37-053.7
245 0 0 _aPresente y futuro de la juventud española :
_buna perspectiva socioeconómica /
_cConsuelo Mínguez Bosque, Ángel Soler Guillén, Robert Meneu Gaya, Enrique Devesa Carpio, Alicia Gómez Tello, José Ramos López, Antonio Pantoja Rodríguez (autores) ; Francisco Pérez García (Dir.)
250 _aPrimera edición: diciembre 2023
260 _aBilbao :
_bFundación BBVA,
_c2023
300 _a322 páginas ;
_c24 cm
336 _2rdacontent
_atexto
337 _2rdamedia
_asin mediación
338 _2rdacarrier
_avolumen
504 _aBibliografía: p. 295-305. -- Índices: p. 307-318.
505 0 _aIntroducción. -- 1. Perfiles básicos de la juventud. -- 2. Niveles educativos: mejoras y diferencias intrageneracionales. -- 3. Condiciones laborales. -- 4. La economía de los hogares de los jóvenes. -- 5. La situación laboral de la juventud y sus pensiones. -- 6. Las generaciones como objeto de estudio. -- Conclusiones.
520 _aLa situación de la juventud española es preocupante debido, fundamentalmente, a las dificultades de inserción laboral que padece, como atestiguan desde hace años las elevadas tasas de paro, en especial de los menos cualificados. El problema se ha agravado en la última década, primero por el devastador efecto de la Gran Recesión y más recientemente porque la pandemia de la covid-19 interrumpió el proceso de creación de empleo que comenzó en 2014. El objetivo de esta publicación es analizar desde una perspectiva amplia la situación actual y las expectativas de futuro de la juventud española, fundamentalmente las que forman las llamadas generación Y y Z, basándose en la abundante evidencia empírica disponible. La riqueza documental y estadísticas actuales permiten prestar atención a las diferencias entre las generaciones jóvenes y el resto de grupos de edad. Asimismo, la monografía amplía el detalle de la investigación, analizando la heterogeneidad existente entre los jóvenes desde múltiples perspectivas. Estas diferencias existentes entre la juventud, que se manifiestan a través de sus diversas situaciones y oportunidades, están mayormente vinculadas a factores socioeconómicos y, de manera especialmente significativa, al nivel de formación alcanzado. Esta monografía selecciona entre esas múltiples aproximaciones a la problemática de la juventud las referidas a las principales dimensiones económicas y las sociales directamente relacionadas con las primeras. Así pues, quedan fuera del objetivo del trabajo otros muchos aspectos interesantes sobre los comportamientos y la situación de la juventud, que otros estudios consideran pero que están más alejados de la especialización del equipo investigador. La presente publicación puede resultar de gran valor no solo a investigadores, economistas y sociólogos especializados en el análisis de la juventud, sino al público en general y a los jóvenes pertenecientes a las generaciones objeto de estudio, que encontrarán aquí ideas de interés en relación con los temas referidos. Los resultados pueden ser relevantes para el diseño de políticas públicas de apoyo a la integración social y laboral de la juventud.
650 0 0 _aJuventud-
_xSituación económica-
_zEspaña
_9236524
700 _aPérez García, Francisco
_ecnd
_9236525
710 2 _aFundación BBVA
_94230
852 _aES-MaACL
_cDEPOJ
_jN-9917
_xEncuadernación rústica con solapas
_hDonación: Editorial
_9205837
942 _n0
_cMONOGRAFIA
999 _c194900
_d194900